| 000 | 00589nam a22001937a 4500 | ||
|---|---|---|---|
| 999 |
_c9157 _d9157 |
||
| 003 | OSt | ||
| 005 | 20180310113956.0 | ||
| 008 | 180310b1964 bg ||||| |||| 00| 0 ben d | ||
| 035 | _a(BD-JhCC) | ||
| 040 |
_aBD-JhCC _dBD-JhCC |
||
| 041 | _aeng | ||
| 100 | _aল্যাম্ব, হ্যারল্ড | ||
| 245 |
_aইউরোপ বিজয় / _cহ্যারল্ড ল্যাম্ব |
||
| 260 |
_aঢাকা: _bমদীনা পাবলিকেশন্স _c1964. |
||
| 300 |
_a253 p. : _c21 cm. |
||
| 650 |
_aWar _zEurope |
||
| 942 |
_2ddc _cBK |
||